|
|
|
|
| LEADER |
00000nam a2200000Ia 4500 |
| 001 |
458, 459, 460, 461, 462, 463, 464, 465, 375, 376, 377, 378, 379 |
| 008 |
160829s1914 - 1918 xx 000 0 cat d |
| 080 |
|
|
|a M-3-122, M-3-123, M-3-124, M-3-125, M-3-126, M-3-127, M-3-128, M-3-129
|
| 110 |
|
|
|a Catalunya.
|b Mancomunitat.
|b Consell Permanent
|9 53060
|
| 245 |
|
|
|a Report del Consell Permanent a l'Assemblea
|
| 260 |
|
|
|a Barcelona :
|b (Imp. de la Casa de Caritat),
|c 1914 - 1918
|
| 300 |
|
|
|a 8 v. :
|b 22 cm
|
| 590 |
|
|
|a Hi ha duplicats DUP-270, DUP-132, DUP-133, DUP-134, DUP-271, DUP-173, DUP-137, DUP-138, DUP-272
|
| 650 |
|
|
|a Catalunya. Mancomunitat. Consell Permanent
|x Informes
|9 30011
|
| 710 |
2 |
|
|a Catalunya.
|b Mancomunitat
|9 53015
|
| 710 |
|
|
|a Casa de Caritat (Barcelona, Catalunya)
|9 52406
|
| 856 |
4 |
|
|u https://media.diba.cat/diba/fitxers/arxiu/mancomunitat/bib_465_1918_web.pdf
|y Maig 1918
|
| 856 |
4 |
|
|u https://media.diba.cat/diba/fitxers/arxiu/mancomunitat/bib_464_1917_web.pdf
|y Novembre 1917
|
| 856 |
4 |
|
|u https://media.diba.cat/diba/fitxers/arxiu/mancomunitat/bib_463_1917_web.pdf
|y Maig 1917
|
| 856 |
4 |
|
|u https://media.diba.cat/diba/fitxers/arxiu/mancomunitat/bib_462_1916_web.pdf
|y Novembre 1916
|
| 856 |
4 |
|
|u https://media.diba.cat/diba/fitxers/arxiu/mancomunitat/bib_461_1916_web.pdf
|y Maig 1916
|
| 856 |
4 |
|
|u https://media.diba.cat/diba/fitxers/arxiu/mancomunitat/bib_460_1915_web.pdf
|y Novembre 1915
|
| 856 |
4 |
|
|u https://media.diba.cat/diba/fitxers/arxiu/mancomunitat/bib_459_1915_web.pdf
|y Maig 1915
|
| 856 |
4 |
|
|u https://media.diba.cat/diba/fitxers/arxiu/mancomunitat/bib_458_1914_web.pdf
|y Novembre 1914
|
| 866 |
|
|
|a 2a reunió (novembre de 1914); 3a reunió (maig de 1915); 4a reunió (novembre de 1915); 5a reunió (maig de 1916); 6a reunió (novembre de 1916); 7a reunió (maig de 1917); 8a reunió (novembre de 1917); 9a reunió (maig de 1918)
|
| 901 |
|
|
|a Arxiu
|
| 942 |
|
|
|n 1
|2 udc
|
| 952 |
|
|
|0 0
|1 0
|4 0
|6 M3122_M3123_M3124_M3125_M3126_M3127_M3128_M3129
|7 1
|9 45246
|a Arxiu
|b Arxiu
|d 2016-12-01
|l 0
|o M-3-122, M-3-123, M-3-124, M-3-125, M-3-126, M-3-127, M-3-128, M-3-129
|p 458, 459, 460, 461,
|r 2016-12-01 00:00:00
|w 2016-12-01
|y ARXIU
|
| 952 |
|
|
|0 0
|1 0
|4 0
|6 PDL
|7 1
|9 63868
|a Arxiu
|b Arxiu
|d 2022-09-09
|l 0
|o PDL
|p 26785
|r 2022-09-09 00:00:00
|w 2022-09-09
|y ARXIU
|
| 952 |
|
|
|0 0
|1 0
|4 0
|6 M3125
|7 1
|9 65894
|a Arxiu
|b Arxiu
|d 2023-03-29
|h 5a reunió (maig de 1916)
|l 0
|o M-3-125
|p 461
|r 2023-03-29 00:00:00
|w 2023-03-29
|y ARXIU
|
| 952 |
|
|
|0 0
|1 0
|4 0
|6 M3126
|7 1
|9 65895
|a Arxiu
|b Arxiu
|d 2023-03-29
|h 6a reunió (novembre de 1916)
|l 0
|o M-3-126
|p 462
|r 2023-03-29 00:00:00
|w 2023-03-29
|y ARXIU
|
| 999 |
|
|
|c 48320
|d 48320
|